Canada Provinces and Territories - Sudden Death! - Statistics

General Stats
  • This quiz has been taken 27 times
  • The average score is 8 of 12
Answers on the Grid
Answers color-coded by a green-red scale on the quiz's grid according to % correct below.
Nova Scotia
Ontario
Quebec
Alberta
British Columbia
Newfoundland and Labrador
Yukon
Nunavut
Manitoba
Northwest Territories
Saskatchewan
New Brunswick
Maine
Vermont
Vancouver
Baffin
Winnipeg
Hamilton
Victoria
Edmonton
Saint Pierre and Miquelon
 
Answer Stats
Answer % Correct
British Columbia
84%
Alberta
79%
Nova Scotia
74%
Yukon
74%
Northwest Territories
68%
Quebec
68%
New Brunswick
63%
Nunavut
63%
Ontario
63%
Saskatchewan
63%
Manitoba
58%
Newfoundland and Labrador
58%
No matching quizzes found
Score Distribution
Percent of People with Each Score
Percentile by Number Answered
Your Score History
You have not taken this quiz